000 01053cam a22003377a 4500
003 CHAP
005 20220817043751.0
008 010326d2000 it rn 00110 eng d
010 _a83822
011 _a84794
020 _a9251045380
035 _a95320
040 _cCHAP
082 0 4 _a639.2
_bF46 v.638
110 2 _aFAO
245 1 0 _aReport of the expert consultation on economic incentives and responsible fisheries
_c/by FAO.
260 _aRome :
_bFAO,
_c2000.
300 _a25 p.
490 0 _aFAO. Informe de pesca
_v; 638
590 _aBATCH-UPD
_b10
_c20130110
_lUCH01
_h1044
590 _aBATCH-UPD
_b10
_c20130410
_lUCH01
_h0643
590 _aBATCH-UPD
_b10
_c20130914
_lUCH01
_h1348
590 _aCONVERSION
_b10
_c20130109
_lUCH01
_h1347
650 1 4 _aPesca
_xAspectos económicos.
_987361
650 1 4 _aPesquería.
_987496
830 0 _aFAO. Informe de pesca
_v; 638
_939587
901 _aBK
905 _aPatricia Mendoza P.
942 _cLIBRO
949 _a639.2 F46 v.638
_bBC
_cFAO
_d33724000818944
_eFAO1
_h99976
_i95320
_kDonaciØn
_sb
999 _c83822
_d83822